América Latina y El Caribe: una propuesta para abordar los temas de población, desarrollo y derechos humanos /

Se expone una propuesta para abordar las intersecciones entre derechos humanos, población y desarrollo en la región. Se intenta conocer el grado de vinculación y conciliación entre los intereses sociales referidos a la dinámica y el estado de la población y los intereses individuales referidos a los...

সম্পূর্ণ বিবরণ

সংরক্ষণ করুন:
গ্রন্থ-পঞ্জীর বিবরন
প্রধান লেখক: Ferrer Lues, Marcela
অন্যান্য লেখক: Martínez Pizarro, Jorge
বিন্যাস: পাঠ‍্য
বিষয়গুলি:
ট্যাগগুলো: ট্যাগ যুক্ত করুন
কোনো ট্যাগ নেই, প্রথমজন হিসাবে ট্যাগ করুন!

MARC

LEADER 00000 a a2200000 04500
001 10375
003
040
100 |a Ferrer Lues, Marcela  
245 |a América Latina y El Caribe:   |b una propuesta para abordar los temas de población, desarrollo y derechos humanos /  |c Marcela Ferrer Lues ; Jorge Martínez Pizarro 
520 |a Se expone una propuesta para abordar las intersecciones entre derechos humanos, población y desarrollo en la región. Se intenta conocer el grado de vinculación y conciliación entre los intereses sociales referidos a la dinámica y el estado de la población y los intereses individuales referidos a los aspectos que inciden en esa dinámica y estado  
650 |a POBLACION  
650 |a DESARROLLO  
650 |a DERECHOS HUMANOS  
650 |a IMAGINARIO SOCIAL  
650 |a GLOBALIZACION  
650 |a AMERICA LATINA Y EL CARIBE  
700 |a Martínez Pizarro, Jorge  
773 |g volumen 34, número 85; páginas 31-62  
999 |c 37071  |d 37071